Colores de la vida : (Record no. 20727)

MARC details
000 -LEADER
fixed length control field 01924cam a2200517Ii 4500
001 - CONTROL NUMBER
control field sjds1272327
003 - CONTROL NUMBER IDENTIFIER
control field sjds
005 - DATE AND TIME OF LATEST TRANSACTION
control field 20200712104514.0
008 - FIXED-LENGTH DATA ELEMENTS--GENERAL INFORMATION
fixed length control field 160922t20172010txua a 000 0 eng d
020 ## - INTERNATIONAL STANDARD BOOK NUMBER
International Standard Book Number 9781941026670 (board book)
020 ## - INTERNATIONAL STANDARD BOOK NUMBER
International Standard Book Number 1941026672 (board book)
035 ## - SYSTEM CONTROL NUMBER
System control number 1223746
035 ## - SYSTEM CONTROL NUMBER
System control number (OCoLC)959037246
035 ## - SYSTEM CONTROL NUMBER
System control number (OCoLC)ocn959037246
035 ## - SYSTEM CONTROL NUMBER
System control number 1149414
035 ## - SYSTEM CONTROL NUMBER
System control number 1223746
035 ## - SYSTEM CONTROL NUMBER
System control number 1223746
040 ## - CATALOGING SOURCE
Original cataloging agency YDX
Language of cataloging eng
Description conventions rda
Transcribing agency YDX
Modifying agency BDX
-- OCLCQ
-- NFG
-- SAP
-- IFA
041 1# - LANGUAGE CODE
Language code of text/sound track or separate title eng
-- spa
049 ## - LOCAL HOLDINGS (OCLC)
Holding library IFAA
099 ## - LOCAL FREE-TEXT CALL NUMBER (OCLC)
Filing suffix 2017
100 1# - MAIN ENTRY--PERSONAL NAME
Personal name Weill, Cynthia,
Relator term author.
245 10 - TITLE STATEMENT
Title Colores de la vida :
Remainder of title Mexican folk art colors in English and Spanish /
Statement of responsibility, etc. Cynthia Weill ; folk art artisans from Oaxaca.
246 30 - VARYING FORM OF TITLE
Title proper/short title Mexican folk art colors in English and Spanish
260 ## - PUBLICATION, DISTRIBUTION, ETC. (IMPRINT)
Place of publication, distribution, etc. [El Paso, TX] :
Name of publisher, distributor, etc. Cinco Puntos Press,
Date of publication, distribution, etc. 2017, c2010
264 #1 - PRODUCTION, PUBLICATION, DISTRIBUTION, MANUFACTURE, AND COPYRIGHT NOTICE
Place of production, publication, distribution, manufacture [El Paso, TX] :
Name of producer, publisher, distributor, manufacturer Cinco Puntos Press,
Date of production, publication, distribution, manufacture, or copyright notice 2017.
264 #4 - PRODUCTION, PUBLICATION, DISTRIBUTION, MANUFACTURE, AND COPYRIGHT NOTICE
Date of production, publication, distribution, manufacture, or copyright notice c2010
300 ## - PHYSICAL DESCRIPTION
Extent 30 unnumbered pages :
Other physical details color illustrations ;
Dimensions 19 cm
336 ## - CONTENT TYPE
Content type term text
Content type code txt
Source rdacontent
336 ## - CONTENT TYPE
Content type term still image
Content type code sti
Source rdacontent
337 ## - MEDIA TYPE
Media type term unmediated
Media type code n
Source rdamedia
338 ## - CARRIER TYPE
Carrier type term volume
Carrier type code nc
Source rdacarrier
500 ## - GENERAL NOTE
General note Cover title.
500 ## - GENERAL NOTE
General note On board pages.
520 ## - SUMMARY, ETC.
Summary, etc. Learn the names of the colors with Mexican folk art.
520 ## - SUMMARY, ETC.
Summary, etc. Aprende los nombres de los colores con arte folklórico mexicano.
546 ## - LANGUAGE NOTE
Language note Parallel text in English and Spanish.
650 #0 - SUBJECT ADDED ENTRY--TOPICAL TERM
Topical term or geographic name as entry element Folk art
Geographic subdivision Mexico
-- Oaxaca (State)
Form subdivision Juvenile literature.
650 #0 - SUBJECT ADDED ENTRY--TOPICAL TERM
Topical term or geographic name as entry element Color in art
Form subdivision Juvenile literature.
650 #0 - SUBJECT ADDED ENTRY--TOPICAL TERM
Topical term or geographic name as entry element Colors, Words for
Form subdivision Juvenile literature.
650 #7 - SUBJECT ADDED ENTRY--TOPICAL TERM
Topical term or geographic name as entry element Arte popular
Geographic subdivision México
-- Oaxaca (Estado)
Form subdivision Literatura juvenil.
Source of heading or term bidex
650 #7 - SUBJECT ADDED ENTRY--TOPICAL TERM
Topical term or geographic name as entry element Colores
Form subdivision Literatura juvenil.
Source of heading or term bidex
650 #0 - SUBJECT ADDED ENTRY--TOPICAL TERM
Topical term or geographic name as entry element Spanish language materials
General subdivision Bilingual
Form subdivision Juvenile literature.
650 #7 - SUBJECT ADDED ENTRY--TOPICAL TERM
Topical term or geographic name as entry element Materiales bilingües en español
Form subdivision Literatura juvenil.
Source of heading or term bidex
942 ## - ADDED ENTRY ELEMENTS (KOHA)
Koha item type Libro/Book
Holdings
Withdrawn status Lost status Damaged status Not for loan Home library Current library Date acquired Total Checkouts Full call number Barcode Date last seen Price effective from Koha item type Inventory number Checked out Date checked out
        San Juan Del Sur -- Mobile Genizero -- Satellite 27/08/2020 2 JI 33015800 22/02/2024 27/08/2020 Libro/Book   28/03/2024 22/02/2024
        Las Brisas 1 -- Satellite Las Brisas 1 -- Satellite 24/07/2020   JI 40002205 24/07/2020 24/07/2020 Libro/Book Inventory date: 7/4/25    
        Las Brisas 2 -- Satellite Las Brisas 2 -- Satellite 22/07/2020   JI 40102227 22/07/2020 22/07/2020 Libro/Book      

Powered by Koha